Germany FIFA World Cup 2018 Squad - Statistics

General Stats
  • This quiz has been taken 16 times
  • The average score is 16 of 24
Answer Stats
Number Player Position % Correct
1 Manuel Neuer GK
100%
22 Marc-André ter Stegen GK
93%
8 Toni Kroos MF
86%
17 Jérôme Boateng DF
79%
Joachim Löw
79%
18 Joshua Kimmich DF
79%
5 Mats Hummels DF
79%
10 Mesut Özil MF
79%
13 Thomas Müller FW
79%
12 Kevin Trapp GK
71%
11 Marco Reus MF
71%
23 Mario Gómez FW
64%
9 Timo Werner FW
64%
3 Jonas Hector DF
57%
7 Julian Draxler MF
57%
4 Matthias Ginter DF
57%
6 Sami Khedira MF
57%
16 Antonio Rüdiger DF
50%
15 Niklas Süle DF
50%
21 İlkay Gündoğan MF
43%
14 Leon Goretzka MF
43%
2 Marvin Plattenhardt DF
43%
20 Julian Brandt MF
36%
19 Sebastian Rudy MF
36%
No matching quizzes found
Score Distribution
Percent of People with Each Score
Percentile by Number Answered
Your Score History
You have not taken this quiz